[Event "York ChessMates 12th"]
[Site "York"]
[Date "2025.03.22"]
[Round "3.5"]
[White "Barnes, Oliver"]
[Black "Johannsson, Markus Orri"]
[Result "0-1"]
[WhiteElo "2027"]
[BlackElo "1871"]
[PlyCount "116"]
[EventDate "2025.03.21"]
[EventType "team-swiss"]
[EventRounds "5"]
[EventCountry "ENG"]
[SourceTitle "CB13_2025"]
[SourceDate "2025.03.26"]
[SourceVersion "1"]
[SourceVersionDate "2025.03.26"]
[SourceQuality "1"]
[WhiteTeam "Ireland"]
[BlackTeam "Iceland"]
[WhiteTeamCountry "IRL"]
[BlackTeamCountry "ISL"]

1. d4 d5 2. Nf3 e6 3. e3 Bd6 4. Bd3 Nf6 5. 0-0 0-0 6. b3 b6 7. Bb2 Bb7 8. Nbd2 c6 9. Ne5 Nbd7 10. f4 Qc7 11. Rf3 Rfc8 12. Rh3 Nf8 13. Ndf3 Ne4 14. Qe2 a5 15. a3 Qe7 16. Nd2 f5 17. c4 a4 18. b4 Bxe5 19. dxe5 Nxd2 20. Qxd2 dxc4 21. Bxc4 c5 22. bxc5 Rxc5 23. Rc1 Rac8 24. Bd3 Ng6 25. Rxc5 Qxc5 26. Kf1 Rd8 27. Qe2 Qc6 28. Rg3 Kf7 29. Bc4 Qe4 30. Bc3 Qb1+ 31. Kf2 Qc1 32. Bb4 Rc8 33. Bd3 Ba6 34. Rg5 Nxf4 35. exf4 Qxf4+ 36. Qf3 Qd4+ 37. Qe3 Qxd3 38. Qxd3 Bxd3 39. Ke3 Be4 40. Rh5 Kg6 41. Rh3 h5 42. Rg3+ Kh6 43. Kf4 Bd5 44. Ke3 Rc2 45. Bf8 f4+ 46. Kxf4 Rf2+ 47. Rf3 Bxf3 48. gxf3 Rxh2 49. Kg3 Rc2 50. f4 Kg6 51. Bd6 Kf5 52. Bb4 h4+ 53. Kxh4 Rg2 54. Kh3 Rg4 55. Bd2 Rxf4 56. Kg3 Re4 57. Kf3 Rxe5 58. Bc3 Rb5 0-1

[Event "York ChessMates 12th"]
[Site "York"]
[Date "2025.03.22"]
[Round "4.25"]
[White "Barnes, Oliver"]
[Black "Spinosi, Aurelien"]
[Result "1/2-1/2"]
[WhiteElo "2027"]
[BlackElo "1976"]
[PlyCount "108"]
[EventDate "2025.03.21"]
[EventType "team-swiss"]
[EventRounds "5"]
[EventCountry "ENG"]
[SourceTitle "CB13_2025"]
[SourceDate "2025.03.26"]
[SourceVersion "1"]
[SourceVersionDate "2025.03.26"]
[SourceQuality "1"]
[WhiteTeam "Ireland"]
[BlackTeam "Monaco"]
[WhiteTeamCountry "IRL"]
[BlackTeamCountry "MNC"]

1. d4 d5 2. Nf3 e6 3. e3 Nf6 4. Bd3 Be7 5. 0-0 0-0 6. b3 Nbd7 7. Bb2 b6 8. Nbd2 Bb7 9. Ne5 Ne4 10. f4 f5 11. a4 Bb4 12. Ndf3 Rf6 13. Qe2 c5 14. Nxd7 Qxd7 15. Ne5 Qc7 16. Bxe4 dxe4 17. c3 Ba5 18. Rfc1 Qe7 19. Ba3 a6 20. Nc4 Bd5 21. Nxa5 bxa5 22. Bxc5 Qd7 23. Rab1 Rf7 24. c4 Bc6 25. Bb6 Rb8 26. c5 Qc8 27. Qd2 h6 28. g3 g5 29. Bxa5 gxf4 30. gxf4 Rg7+ 31. Kh1 Qe8 32. Qe2 Kh7 33. Rg1 Rbb7 34. Bc3 Bd5 35. Rxg7+ Rxg7 36. Be1 e5 37. dxe5 Bf7 38. Bg3 Bh5 39. Qe1 Bf3+ 40. Kg1 Qh5 41. Qf1 Rxg3+ 42. hxg3 Qh1+ 43. Kf2 Qh2+ 44. Ke1 Qc2 45. Ra1 Qb2 46. Rd1 Qc3+ 47. Kf2 Qc2+ 48. Kg1 Bxd1 49. c6 Bf3 50. Qf2 Qc1+ 51. Qf1 Qxe3+ 52. Kh2 Qd2+ 53. Kg1 Qe3+ 54. Kh2 Qd2+ 1/2-1/2

[Event "Dublin Gonzaga op"]
[Site "Dublin"]
[Date "2025.01.18"]
[Round "3"]
[White "Barnes, Oliver"]
[Black "Daly, Colm"]
[Result "1/2-1/2"]
[WhiteElo "1985"]
[BlackElo "2191"]
[PlyCount "79"]
[EventDate "2025.01.17"]
[EventType "swiss"]
[EventRounds "5"]
[EventCountry "IRL"]
[SourceTitle "CB04_2025"]
[SourceDate "2025.01.22"]
[SourceVersion "1"]
[SourceVersionDate "2025.01.22"]
[SourceQuality "1"]

1. e4 c5 2. Nf3 e6 3. d4 cxd4 4. Nxd4 a6 5. Nc3 Qc7 6. Bd3 Nf6 7. 0-0 d6 8. Re1 Nbd7 9. Bg5 h6 10. Bh4 g5 11. Bg3 Ne5 12. Bxe5 dxe5 13. Nb3 Bb4 14. Qf3 Ke7 15. a4 Bxc3 16. bxc3 b6 17. c4 a5 18. Qe3 Nd7 19. Reb1 Bb7 20. c5 Nxc5 21. Nxc5 bxc5 22. Rb5 Rhc8 23. Rab1 Ba6 24. Rb6 c4 25. Be2 Rcb8 26. h4 Rxb6 27. Rxb6 Kf8 28. hxg5 hxg5 29. Rb1 Qe7 30. Qb6 Kg7 31. Qxa5 Bb7 32. Qxe5+ f6 33. Qb5 Bxe4 34. Qxc4 Bd5 35. Qb4 Qc7 36. Bf3 Ra5 37. Bxd5 Rxd5 38. Qe4 Qc6 39. Re1 e5 40. g3 1/2-1/2

[Event "IRL-ch 103rd"]
[Site "Dublin"]
[Date "2024.08.10"]
[Round "8"]
[White "Barnes, Oliver"]
[Black "O'Neill, Sam"]
[Result "1/2-1/2"]
[WhiteElo "1915"]
[BlackElo "1868"]
[PlyCount "56"]
[EventDate "2024.08.03"]
[EventType "swiss"]
[EventRounds "9"]
[EventCountry "IRL"]
[SourceTitle "CBM 221 Extra"]
[Source "ChessBase"]
[SourceDate "2024.09.30"]
[SourceVersion "1"]
[SourceVersionDate "2024.09.30"]
[SourceQuality "1"]

1. e4 c6 2. Nc3 d5 3. Nf3 dxe4 4. Nxe4 Nf6 5. Qe2 Nxe4 6. Qxe4 Nd7 7. Bc4 Nf6 8. Ne5 e6 9. Qe2 Bd6 10. 0-0 0-0 11. d4 Qc7 12. Bf4 Nd5 13. Bg3 Bd7 14. c3 f6 15. Nd3 b6 16. Rad1 Rae8 17. Bxd6 Qxd6 18. f4 Re7 19. Qf2 Be8 20. Bb3 Bh5 21. Rd2 Bg6 22. c4 Bxd3 23. Rxd3 Nc7 24. Re1 c5 25. d5 exd5 26. Rxe7 Qxe7 27. cxd5 Qd6 28. a4 Re8 1/2-1/2

[Event "IRL-ch 103rd"]
[Site "Dublin"]
[Date "2024.08.03"]
[Round "1"]
[White "Carroll, Peter"]
[Black "Barnes, Oliver"]
[Result "1/2-1/2"]
[WhiteElo "2162"]
[BlackElo "1915"]
[PlyCount "86"]
[EventDate "2024.08.03"]
[EventType "swiss"]
[EventRounds "9"]
[EventCountry "IRL"]
[SourceTitle "CBM 221 Extra"]
[Source "ChessBase"]
[SourceDate "2024.09.30"]
[SourceVersion "1"]
[SourceVersionDate "2024.09.30"]
[SourceQuality "1"]

1. e4 e6 2. d4 d5 3. Bd3 dxe4 4. Bxe4 Nf6 5. Bf3 Be7 6. Ne2 0-0 7. Nbc3 c5 8. Be3 cxd4 9. Nxd4 a6 10. Qe2 Qc7 11. 0-0-0 Nc6 12. Nxc6 bxc6 13. Qc4 Bb7 14. Na4 Nd7 15. Bf4 e5 16. Rhe1 Bf6 17. Bg4 Rad8 18. Be3 Rfe8 19. Bxd7 Rxd7 20. Bb6 Qc8 21. Nc5 Rd5 22. Qe4 Bg5+ 23. Kb1 Bd8 24. Bxd8 Rexd8 25. Rxd5 cxd5 26. Qb4 Qc7 27. Nxb7 Rb8 28. Qd6 Qxb7 29. Qxe5 h6 30. Re3 Rc8 31. Rb3 Qd7 32. Rg3 g6 33. Re3 d4 34. Rb3 Qc6 35. c3 Qxg2 36. Qxd4 Re8 37. a4 Qxh2 38. Rb6 h5 39. Rxa6 h4 40. Qd5 Qg1+ 41. Ka2 Qg4 42. Ra7 Qf4 43. Ra8 Rxa8 1/2-1/2

[Event "Glorney Cup U18"]
[Site "Hull"]
[Date "2024.07.23"]
[Round "2.2"]
[White "Vadalia, Jainill"]
[Black "Barnes, Oliver"]
[Result "0-1"]
[WhiteElo "1917"]
[BlackElo "1932"]
[PlyCount "96"]
[EventDate "2024.07.23"]
[EventType "team-tourn"]
[EventRounds "5"]
[EventCountry "ENG"]
[SourceTitle "CBM 221 Extra"]
[Source "ChessBase"]
[SourceDate "2024.09.30"]
[SourceVersion "1"]
[SourceVersionDate "2024.09.30"]
[SourceQuality "1"]
[WhiteTeam "Scotland"]
[BlackTeam "Ireland"]
[WhiteTeamCountry "SCO"]
[BlackTeamCountry "IRL"]

1. d4 Nf6 2. c4 e6 3. Nf3 d5 4. g3 Be7 5. Bg2 0-0 6. 0-0 dxc4 7. Qc2 a6 8. Qxc4 b5 9. Qc2 Bb7 10. Bd2 Nbd7 11. Ba5 Nb6 12. Nbd2 Rc8 13. b4 Bxf3 14. Bxf3 Qxd4 15. Bb7 Rb8 16. Qxc7 Nbd5 17. Bxd5 Nxd5 18. Qc1 Rbc8 19. Nf3 Qe4 20. Qd2 Rc2 21. Qd3 Qxd3 22. exd3 Bxb4 23. Bxb4 Nxb4 24. a4 Nxd3 25. axb5 axb5 26. Nd4 Rb2 27. Rab1 Rxb1 28. Rxb1 b4 29. Rb3 e5 30. Rxd3 exd4 31. Rxd4 Rb8 32. Rd2 f6 33. f3 Kf7 34. Kf2 Ke6 35. Ke3 g5 36. f4 Kf5 37. h3 g4 38. h4 Re8+ 39. Kf2 Rc8 40. Rb2 Rc4 41. Rb3 Ke4 42. Ke2 Kd4 43. Kd2 Kc5 44. Re3 Rd4+ 45. Kc2 Kc4 46. Re8 b3+ 47. Kb2 Rd2+ 48. Kb1 Rg2 0-1

[Event "EU-ch Schools U15"]
[Site "Limerick"]
[Date "2024.06.05"]
[Round "7"]
[White "Panda, Barnabas"]
[Black "Barnes, Oliver"]
[Result "1-0"]
[WhiteElo "2089"]
[BlackElo "1757"]
[PlyCount "115"]
[EventDate "2024.05.31"]
[EventType "swiss"]
[EventRounds "9"]
[EventCountry "IRL"]
[SourceTitle "CBM 220 Extra"]
[Source "ChessBase"]
[SourceDate "2024.07.31"]
[SourceVersion "1"]
[SourceVersionDate "2024.07.31"]
[SourceQuality "1"]

1. d4 Nf6 2. c4 e6 3. Nc3 Bb4 4. Qc2 0-0 5. Nf3 d5 6. a3 Bxc3+ 7. Qxc3 dxc4 8. Qxc4 b6 9. Bg5 Bb7 10. e3 c5 11. dxc5 Nbd7 12. Rd1 Bd5 13. Qh4 Nxc5 14. Bc4 Nce4 15. Bxd5 exd5 16. Bxf6 Nxf6 17. 0-0 Re8 18. Rd3 Re4 19. Qh3 Qc8 20. Qxc8+ Rxc8 21. Nd4 Re7 22. f3 Rd7 23. Kf2 Kf8 24. Rfd1 Rcc7 25. R3d2 a6 26. g4 Ke8 27. g5 Ng8 28. Ne2 Ne7 29. Nf4 a5 30. Ke2 f6 31. gxf6 gxf6 32. Nxd5 Nxd5 33. Rxd5 Rg7 34. Kf2 Ke7 35. R1d2 Rg8 36. e4 Rgc8 37. Ke3 Rg8 38. Rd6 Rb8 39. Kf4 Rbb7 40. h4 Rc5 41. R6d5 Rxd5 42. exd5 Kd6 43. Kf5 Rf7 44. a4 Rf8 45. h5 Rf7 46. h6 Rf8 47. Rd3 Rg8 48. Kxf6 Rg6+ 49. Kf7 Rxh6 50. f4 Rh5 51. Kf6 Rxd5 52. Rxd5+ Kxd5 53. f5 h5 54. Ke7 Kc5 55. f6 Kb4 56. f7 Kxa4 57. f8Q b5 58. Qf3 1-0

[Event "EU-ch Schools U15"]
[Site "Limerick"]
[Date "2024.06.03"]
[Round "4"]
[White "Barnes, Oliver"]
[Black "Stack, George"]
[Result "0-1"]
[WhiteElo "1757"]
[BlackElo "1839"]
[PlyCount "90"]
[EventDate "2024.05.31"]
[EventType "swiss"]
[EventRounds "9"]
[EventCountry "IRL"]
[SourceTitle "CBM 220 Extra"]
[Source "ChessBase"]
[SourceDate "2024.07.31"]
[SourceVersion "1"]
[SourceVersionDate "2024.07.31"]
[SourceQuality "1"]

1. d4 Nf6 2. Nf3 g6 3. c4 Bg7 4. Nc3 0-0 5. e4 d6 6. Be2 e5 7. 0-0 Bg4 8. Be3 Bxf3 9. Bxf3 exd4 10. Bxd4 Nc6 11. Be3 Re8 12. Qc2 Nd7 13. Rfd1 Bxc3 14. Qxc3 Qf6 15. Qc2 Nc5 16. a3 a5 17. Rd5 b6 18. Rad1 Qe6 19. Re1 Qf6 20. Bg5 Qg7 21. Red1 Re6 22. Bg4 Rxe4 23. Rxc5 Rae8 24. f3 Nd4 25. Qxe4 Rxe4 26. Rxc7 Re8 27. Bd7 Rb8 28. Be3 Nf5 29. Bxf5 gxf5 30. Bd4 Qg5 31. Rc6 Qf4 32. Kf2 Qxh2 33. Bf6 h5 34. Rd4 f4 35. Rcxd6 Kh7 36. R4d5 Rg8 37. Ke2 Qxg2+ 38. Kd3 Qxf3+ 39. Kc2 Rg2+ 40. Kb1 Qf1+ 41. Rd1 Qxc4 42. Rd8 f3 43. R1d5 Rg1+ 44. Rd1 Rxd1+ 45. Rxd1 f2 0-1

[Event "EU-ch Schools U15"]
[Site "Limerick"]
[Date "2024.06.01"]
[Round "2"]
[White "Braemigk, Eren Maximilian"]
[Black "Barnes, Oliver"]
[Result "0-1"]
[WhiteElo "1733"]
[BlackElo "1757"]
[PlyCount "50"]
[EventDate "2024.05.31"]
[EventType "swiss"]
[EventRounds "9"]
[EventCountry "IRL"]
[SourceTitle "CBM 220 Extra"]
[Source "ChessBase"]
[SourceDate "2024.07.31"]
[SourceVersion "1"]
[SourceVersionDate "2024.07.31"]
[SourceQuality "1"]

1. d4 Nf6 2. c4 g6 3. Nc3 Bg7 4. e4 d6 5. Nf3 0-0 6. Be2 Nbd7 7. 0-0 e5 8. b4 Re8 9. d5 a5 10. b5 Nc5 11. Nd2 Kh8 12. Ba3 Nfd7 13. Nb3 b6 14. Bxc5 bxc5 15. Na4 Nb6 16. Nd2 f5 17. f3 Bh6 18. Nxb6 cxb6 19. a4 Rg8 20. Nb3 Be3+ 21. Kh1 f4 22. Ra2 Qh4 23. Qd3 g5 24. Bd1 Rg6 25. Re2 Qxh2+ 0-1

[Event "Enniscrone Sligo-ch"]
[Site "Enniscrone"]
[Date "2024.02.03"]
[Round "3"]
[White "Govindaraju, Darun"]
[Black "Barnes, Oliver"]
[Result "1-0"]
[WhiteElo "1683"]
[BlackElo "1571"]
[PlyCount "74"]
[EventDate "2024.02.02"]
[EventType "swiss"]
[EventRounds "5"]
[EventCountry "IRL"]
[SourceTitle "CBM 218 Extra"]
[Source "ChessBase"]
[SourceDate "2024.03.31"]
[SourceVersion "1"]
[SourceVersionDate "2024.03.31"]
[SourceQuality "1"]

1. d4 Nf6 2. Bg5 g6 3. Bxf6 exf6 4. e3 Bg7 5. g3 0-0 6. Bg2 c6 7. Ne2 d5 8. 0-0 Nd7 9. Nd2 Nb6 10. Rc1 Re8 11. b3 Bg4 12. h3 Bxe2 13. Qxe2 Bh6 14. Qd3 Qd7 15. c4 dxc4 16. bxc4 f5 17. Nb3 Rad8 18. Nc5 Qc7 19. Qb3 Rb8 20. Rb1 Re7 21. a4 Nd7 22. Nd3 g5 23. Kh1 f4 24. gxf4 gxf4 25. e4 Qd6 26. d5 Ne5 27. c5 Qf6 28. Nxe5 Rxe5 29. Bf3 Bg7 30. Rg1 Qh4 31. Rg2 cxd5 32. exd5 Ree8 33. Kh2 Kh8 34. d6 Qf6 35. Rbg1 Rg8 36. a5 Qc3 37. Qxf7 Qf6 1-0